000 00911mam a2200229 a 4500
020 _a1557509735
082 _a358.418
_bRIP
_cN-01,P-116
100 1 _aRip, Michael Russell,
_938004
245 1 4 _aThe precision revolution :
_bGPS and the future of aerial warfare /
_cMichael Russell Rip and James M. Hasik.
260 _aAnnapolis, MD :
_bNaval Institute Press,
_cc2002.
300 _axvi, 552 p. :
_bill., maps, photos. ;
_c24 cm.
526 _a0
_b0
_c0
_d358_418000000000000_RIP
526 _a0
_b0
_c0
_d358_418000000000000_RIP
526 _a0
_b0
_c0
_d358_418000000000000_RIP
526 _a0
_b0
_c0
_d358_418000000000000_RIP
650 0 _aAir warfare
_xEffect of technological innovations on.
_938005
650 0 _aGlobal Positioning System
_xHistory.
_938006
650 0 _aPrecision guided munitions.
_938007
700 1 _aHasik, James M.,
_938008
710 2 _aNaval Institute Press.
_938009
942 _2ddc
_cBK
999 _c542712
_d542712